[Event "DVM U16w 2024"]
[Site "Neumünster GER"]
[Date "2024.12.30"]
[Round "7"]
[White "Margaryan, Mane"]
[Black "Mauhs, Helena"]
[Result "0-1"]
[Termination "normal"]
[Board "6.3"]
[WhiteElo "1533"]
[BlackElo "1249"]
[WhiteClock "00:11:50"]
[BlackClock "00:28:07"]
[WhiteTeam "Elmshorner SC 1896"]
[BlackTeam "FC Bayern München 2"]
[PlyCount "90"]
[WhiteFideId "16268237"]
[BlackFideId "34630279"]
[EventCountry "GER"]
[EventRounds "7"]
[EventType "team-swiss"]
[EventDate "2024.12.26"]

1. d4 {[%clk 01:30:58]} {[%emt 00:00:01]} d5 {[%clk 01:30:56]} {[%emt
00:00:05]} 2. c4 {[%clk 01:31:24]} {[%emt 00:00:03]} e6 {[%clk 01:31:19]}
{[%emt 00:00:07]} 3. cxd5 {[%clk 01:31:34]} {[%emt 00:00:20]} exd5 {[%clk
01:31:26]} {[%emt 00:00:24]} 4. Nc3 {[%clk 01:31:21]} {[%emt 00:00:43]} Nf6
{[%clk 01:26:17]} {[%emt 00:05:38]} 5. Bg5 {[%clk 01:29:54]} {[%emt 00:01:57]}
Be7 {[%clk 01:25:18]} {[%emt 00:01:27]} 6. Nf3 {[%clk 01:28:39]} {[%emt
00:01:47]} Bf5 {[%clk 01:18:32]} {[%emt 00:07:13]} 7. e3 {[%clk 01:25:51]}
{[%emt 00:03:22]} Nbd7 {[%clk 01:15:31]} {[%emt 00:03:29]} 8. Bd3 {[%clk
01:24:18]} {[%emt 00:02:04]} Bg6 {[%clk 01:14:06]} {[%emt 00:01:53]} 9. Qc2
{[%clk 01:18:05]} {[%emt 00:06:46]} c6 {[%clk 01:09:05]} {[%emt 00:05:32]} 10.
O-O {[%clk 01:09:46]} {[%emt 00:08:48]} O-O {[%clk 01:03:38]} {[%emt 00:05:56]}
11. a3 {[%clk 01:03:39]} {[%emt 00:06:38]} Ne4 {[%clk 00:58:12]} {[%emt
00:05:54]} 12. Bxe7 {[%clk 00:56:59]} {[%emt 00:07:11]} Qxe7 {[%clk 00:58:33]}
{[%emt 00:00:09]} 13. Ne2 {[%clk 00:51:06]} {[%emt 00:06:23]} Bh5 {[%clk
00:49:11]} {[%emt 00:09:51]} 14. Nd2 {[%emt 00:12:46]} Bxe2 {[%clk 00:44:17]}
{[%emt 00:00:01]} 15. Bxe2 {[%clk 00:43:23]} {[%emt 00:01:21]} Ndf6 {[%clk
00:41:24]} {[%emt 00:03:22]} 16. Nxe4 {[%clk 00:37:13]} {[%emt 00:06:41]} Nxe4
{[%clk 00:41:33]} {[%emt 00:00:22]} 17. Bd3 {[%clk 00:36:37]} {[%emt 00:01:06]}
g6 {[%clk 00:40:48]} {[%emt 00:01:15]} 18. f3 {[%clk 00:34:13]} {[%emt
00:02:54]} Ng5 {[%clk 00:35:53]} {[%emt 00:05:23]} 19. e4 {[%clk 00:32:12]}
{[%emt 00:02:32]} Rad8 {[%clk 00:34:04]} {[%emt 00:02:17]} 20. e5 {[%clk
00:22:53]} {[%emt 00:09:51]} Ne6 {[%clk 00:30:36]} {[%emt 00:03:58]} 21. Qf2
{[%clk 00:15:22]} {[%emt 00:08:01]} Qg5 {[%clk 00:22:45]} {[%emt 00:08:21]} 22.
f4 {[%clk 00:13:01]} {[%emt 00:02:52]} Qh5 {[%clk 00:18:34]} {[%emt 00:04:38]}
23. Rae1 {[%clk 00:10:15]} {[%emt 00:03:19]} b6 {[%clk 00:13:23]} {[%emt
00:05:41]} 24. Re3 {[%clk 00:08:49]} {[%emt 00:01:55]} Qh6 {[%clk 00:11:34]}
{[%emt 00:02:17]} 25. Rh3 {[%clk 00:08:06]} {[%emt 00:01:15]} Qg7 {[%clk
00:11:28]} {[%emt 00:00:35]} 26. Qe3 {[%clk 00:04:45]} {[%emt 00:03:53]} f5
{[%clk 00:08:12]} {[%emt 00:03:45]} 27. b4 {[%clk 00:03:27]} {[%emt 00:01:48]}
Rc8 {[%clk 00:07:01]} {[%emt 00:01:41]} 28. Rc1 {[%clk 00:02:54]} {[%emt
00:01:04]} Rc7 {[%clk 00:06:51]} {[%emt 00:00:40]} 29. a4 {[%clk 00:02:12]}
{[%emt 00:01:11]} Rfc8 {[%clk 00:06:34]} {[%emt 00:00:47]} 30. Ba6 {[%clk
00:02:13]} {[%emt 00:00:29]} Rb8 {[%clk 00:06:32]} {[%emt 00:00:32]} 31. Bd3
{[%clk 00:02:16]} {[%emt 00:00:26]} Rbc8 {[%clk 00:06:41]} {[%emt 00:00:22]}
32. Ba6 {[%emt 00:00:06]} Rb8 {[%clk 00:06:48]} {[%emt 00:00:22]} 33. Bd3
{[%emt 00:00:08]} Rbc8 {[%clk 00:07:08]} {[%emt 00:00:07]} 34. Bxf5 {[%clk
00:02:48]} {[%emt 00:00:49]} Qf7 {[%clk 00:06:06]} {[%emt 00:01:29]} 35. Bxe6
{[%clk 00:02:18]} {[%emt 00:01:02]} Qxe6 {[%clk 00:06:28]} {[%emt 00:00:08]}
36. Qf3 {[%clk 00:01:52]} {[%emt 00:00:56]} c5 {[%clk 00:06:06]} {[%emt
00:00:53]} 37. bxc5 {[%clk 00:01:58]} {[%emt 00:00:24]} bxc5 {[%clk 00:06:28]}
{[%emt 00:00:08]} 38. dxc5 {[%clk 00:01:50]} {[%emt 00:00:37]} Rxc5 {[%clk
00:06:53]} {[%emt 00:00:05]} 39. Rxc5 {[%clk 00:01:51]} {[%emt 00:00:29]} Rxc5
{[%clk 00:07:17]} {[%emt 00:00:06]} 40. Qe3 {[%clk 00:01:24]} {[%emt 00:00:57]}
Rc4 {[%clk 00:06:56]} {[%emt 00:00:51]} 41. Qxa7 {[%clk 00:00:56]} {[%emt
00:00:58]} h5 {[%clk 00:03:06]} {[%emt 00:04:19]} 42. Rd3 {[%clk 00:17:58]}
{[%emt 00:13:29]} Rxf4 {[%clk 00:28:32]} {[%emt 00:05:04]} 43. Qa8+ {[%clk
00:17:46]} {[%emt 00:00:42]} Kg7 {[%clk 00:28:10]} {[%emt 00:00:50]} 44. Rxd5
{[%clk 00:12:10]} {[%emt 00:06:07]} Qb6+ {[%clk 00:27:44]} {[%emt 00:00:55]}
45. Kh1 {[%clk 00:11:50]} {[%emt 00:00:53]} Rf1# {[%clk 00:28:07]} {[%emt
00:00:07]} 0-1

[Event "DVM U16w 2024"]
[Site "Neumünster GER"]
[Date "2024.12.30"]
[Round "7"]
[White "Schmidt, Sophie"]
[Black "Halas, Neele Zoe"]
[Result "0-1"]
[Termination "normal"]
[Board "7.1"]
[WhiteElo "1695"]
[BlackElo "1835"]
[WhiteClock "00:27:29"]
[BlackClock "00:28:48"]
[WhiteTeam "SV Stuttgart-Wolfbusch 1956"]
[BlackTeam "SG Leipzig"]
[PlyCount "114"]
[WhiteFideId "34682503"]
[BlackFideId "16287282"]
[EventCountry "GER"]
[EventRounds "7"]
[EventType "team-swiss"]
[EventDate "2024.12.26"]

1. d4 {[%clk 01:30:59]} {[%emt 00:25:36]} Nf6 {[%clk 01:30:46]} {[%emt
00:00:15]} 2. Nf3 {[%clk 01:31:22]} {[%emt 00:00:07]} e6 {[%clk 01:31:10]}
{[%emt 00:00:06]} 3. Bf4 {[%clk 01:31:38]} {[%emt 00:00:13]} b6 {[%clk
01:31:14]} {[%emt 00:00:26]} 4. e3 {[%clk 01:31:48]} {[%emt 00:00:19]} Be7
{[%clk 01:31:32]} {[%emt 00:00:13]} 5. c4 {[%clk 01:31:43]} {[%emt 00:00:35]}
d5 {[%clk 01:27:58]} {[%emt 00:04:04]} 6. Nc3 {[%clk 01:30:22]} {[%emt
00:01:50]} O-O {[%clk 01:23:07]} {[%emt 00:05:21]} 7. Be2 {[%clk 01:27:41]}
{[%emt 00:03:11]} Bb7 {[%clk 01:21:55]} {[%emt 00:01:43]} 8. h3 {[%clk
01:24:34]} {[%emt 00:03:36]} a6 {[%clk 01:13:45]} {[%emt 00:08:41]} 9. O-O
{[%clk 01:19:01]} {[%emt 00:06:03]} dxc4 {[%clk 01:12:35]} {[%emt 00:01:40]}
10. Bxc4 {[%clk 01:17:41]} {[%emt 00:01:49]} b5 {[%clk 01:07:21]} {[%emt
00:05:45]} 11. Bd3 {[%clk 01:12:48]} {[%emt 00:05:23]} Nbd7 {[%clk 01:03:22]}
{[%emt 00:04:29]} 12. e4 {[%clk 01:02:19]} {[%emt 00:10:58]} c5 {[%clk
00:59:12]} {[%emt 00:04:40]} 13. dxc5 {[%clk 00:59:20]} {[%emt 00:03:29]} Nxc5
{[%clk 00:58:48]} {[%emt 00:00:55]} 14. Bc2 {[%clk 00:50:28]} {[%emt 00:09:18]}
Ncxe4 {[%clk 00:57:09]} {[%emt 00:02:12]} 15. Nxe4 {[%clk 00:49:21]} {[%emt
00:01:38]} Bxe4 {[%clk 00:52:14]} {[%emt 00:05:25]} 16. Bxe4 {[%clk 00:36:23]}
{[%emt 00:13:27]} Nxe4 {[%clk 00:46:04]} {[%emt 00:06:41]} 17. Qc2 {[%clk
00:33:51]} {[%emt 00:03:02]} Nf6 {[%clk 00:45:28]} {[%emt 00:01:06]} 18. Rfd1
{[%clk 00:32:39]} {[%emt 00:01:42]} Qc8 {[%clk 00:44:34]} {[%emt 00:01:24]} 19.
Qe2 {[%clk 00:30:46]} {[%emt 00:02:23]} Qb7 {[%clk 00:40:42]} {[%emt 00:04:22]}
20. Rac1 {[%clk 00:26:00]} {[%emt 00:05:17]} Rac8 {[%clk 00:37:54]} {[%emt
00:03:19]} 21. h4 {[%clk 00:22:42]} {[%emt 00:03:47]} Rxc1 {[%clk 00:33:17]}
{[%emt 00:05:07]} 22. Rxc1 {[%clk 00:20:27]} {[%emt 00:02:45]} Rc8 {[%clk
00:33:34]} {[%emt 00:00:12]} 23. Rxc8+ {[%clk 00:20:10]} {[%emt 00:00:48]} Qxc8
{[%clk 00:33:58]} {[%emt 00:00:06]} 24. Ne5 {[%clk 00:16:50]} {[%emt 00:03:50]}
Bd6 {[%clk 00:29:17]} {[%emt 00:05:10]} 25. Qd2 {[%clk 00:10:42]} {[%emt
00:06:39]} Bxe5 {[%clk 00:17:13]} {[%emt 00:12:33]} 26. Bxe5 {[%clk 00:10:20]}
{[%emt 00:00:52]} Nd5 {[%clk 00:15:56]} {[%emt 00:01:48]} 27. h5 {[%clk
00:09:03]} {[%emt 00:01:48]} f6 {[%clk 00:15:56]} {[%emt 00:00:30]} 28. Bd4
{[%clk 00:08:55]} {[%emt 00:00:38]} h6 {[%clk 00:11:06]} {[%emt 00:05:19]} 29.
b3 {[%clk 00:04:42]} {[%emt 00:04:44]} Qe8 {[%clk 00:09:59]} {[%emt 00:01:36]}
30. g4 {[%clk 00:04:38]} {[%emt 00:00:34]} Qc6 {[%clk 00:08:23]} {[%emt
00:02:06]} 31. f4 {[%clk 00:04:00]} {[%emt 00:01:07]} Qd6 {[%clk 00:08:08]}
{[%emt 00:00:45]} 32. Be3 {[%clk 00:04:02]} {[%emt 00:00:28]} Qc7 {[%clk
00:05:14]} {[%emt 00:03:24]} 33. Kf2 {[%clk 00:03:40]} {[%emt 00:00:52]} Qc3
{[%clk 00:03:19]} {[%emt 00:02:26]} 34. Qe2 {[%clk 00:03:07]} {[%emt 00:01:03]}
Kf7 {[%clk 00:02:25]} {[%emt 00:01:23]} 35. Bd2 {[%clk 00:01:45]} {[%emt
00:01:52]} Qd4+ {[%clk 00:02:23]} {[%emt 00:00:31]} 36. Be3 {[%clk 00:01:58]}
{[%emt 00:00:18]} Nxe3 {[%clk 00:01:29]} {[%emt 00:01:25]} 37. Qxe3 {[%clk
00:02:22]} {[%emt 00:00:05]} Qxe3+ {[%clk 00:00:51]} {[%emt 00:01:08]} 38. Kxe3
{[%clk 00:02:47]} {[%emt 00:00:05]} Ke7 {[%clk 00:00:55]} {[%emt 00:00:27]} 39.
b4 {[%clk 00:02:49]} {[%emt 00:00:28]} Kd6 {[%clk 00:01:18]} {[%emt 00:00:06]}
40. Kd4 {[%clk 00:02:32]} {[%emt 00:00:48]} e5+ {[%clk 00:01:18]} {[%emt
00:00:30]} 41. fxe5+ {[%clk 00:02:15]} {[%emt 00:00:47]} fxe5+ {[%clk
00:01:39]} {[%emt 00:00:09]} 42. Ke4 {[%clk 00:02:24]} {[%emt 00:00:20]} Ke6
{[%clk 00:01:37]} {[%emt 00:00:32]} 43. a3 {[%clk 00:02:29]} {[%emt 00:00:26]}
Kf6 {[%clk 00:26:30]} {[%emt 00:05:36]} 44. Kd5 {[%clk 00:29:49]} {[%emt
00:03:11]} Kg5 {[%clk 00:26:44]} {[%emt 00:00:16]} 45. Kc6 {[%clk 00:30:12]}
{[%emt 00:00:07]} e4 {[%clk 00:27:09]} {[%emt 00:00:05]} 46. Kb6 {[%clk
00:30:35]} {[%emt 00:00:07]} e3 {[%clk 00:27:34]} {[%emt 00:00:05]} 47. Kxa6
{[%clk 00:31:00]} {[%emt 00:00:05]} e2 {[%clk 00:27:59]} {[%emt 00:00:04]} 48.
Kxb5 {[%clk 00:31:19]} {[%emt 00:00:11]} e1=Q {[%clk 00:28:22]} {[%emt
00:00:08]} 49. Ka5 {[%clk 00:30:52]} {[%emt 00:00:57]} Kf6 {[%clk 00:28:32]}
{[%emt 00:00:19]} 50. a4 {[%clk 00:30:59]} {[%emt 00:00:23]} Ke6 {[%clk
00:28:47]} {[%emt 00:00:15]} 51. Kb5 {[%clk 00:30:08]} {[%emt 00:01:21]} Qe2+
{[%clk 00:29:08]} {[%emt 00:00:09]} 52. Kb6 {[%clk 00:30:00]} {[%emt 00:00:39]}
Qc4 {[%clk 00:29:09]} {[%emt 00:00:28]} 53. Ka5 {[%clk 00:29:46]} {[%emt
00:00:44]} Qc7+ {[%clk 00:29:16]} {[%emt 00:00:23]} 54. Ka6 {[%clk 00:29:07]}
{[%emt 00:01:10]} Kd6 {[%clk 00:28:34]} {[%emt 00:01:11]} 55. b5 {[%clk
00:28:07]} {[%emt 00:01:31]} Qc8+ {[%clk 00:28:22]} {[%emt 00:00:42]} 56. Ka7
{[%clk 00:28:04]} {[%emt 00:00:33]} Kc7 {[%clk 00:28:26]} {[%emt 00:00:23]} 57.
b6 {[%clk 00:27:29]} {[%emt 00:01:08]} Kc6 {[%clk 00:28:48]} {[%emt 00:00:08]}
0-1

[Event "DVM U16w 2024"]
[Site "Neumünster GER"]
[Date "2024.12.30"]
[Round "7"]
[White "Amelang, Jamie Alice"]
[Black "Schmidt, Emelie"]
[Result "0-1"]
[Termination "normal"]
[Board "7.2"]
[WhiteElo "1634"]
[BlackElo "1545"]
[WhiteClock "00:00:32"]
[BlackClock "00:37:29"]
[WhiteTeam "SG Leipzig"]
[BlackTeam "SV Stuttgart-Wolfbusch 1956"]
[PlyCount "78"]
[WhiteFideId "34605754"]
[BlackFideId "34682490"]
[EventCountry "GER"]
[EventRounds "7"]
[EventType "team-swiss"]
[EventDate "2024.12.26"]

1. e4 {[%clk 01:30:59]} d5 {[%clk 01:30:53]} {[%emt 00:00:08]} 2. exd5 {[%clk
01:31:23]} {[%emt 00:00:06]} Qxd5 {[%clk 01:31:16]} {[%emt 00:00:06]} 3. Nc3
{[%clk 01:31:49]} {[%emt 00:00:04]} Qa5 {[%clk 01:31:37]} {[%emt 00:00:09]} 4.
d4 {[%clk 01:32:10]} {[%emt 00:00:08]} Nf6 {[%clk 01:31:56]} {[%emt 00:00:12]}
5. Bd2 {[%clk 01:32:29]} {[%emt 00:00:11]} Bf5 {[%clk 01:32:12]} {[%emt
00:00:15]} 6. Bc4 {[%clk 01:20:57]} {[%emt 00:12:02]} c6 {[%clk 01:30:22]}
{[%emt 00:02:20]} 7. h3 {[%clk 01:05:51]} {[%emt 00:15:36]} Qb6 {[%clk
01:19:42]} {[%emt 00:11:11]} 8. Nf3 {[%clk 01:05:03]} {[%emt 00:01:17]} Qxb2
{[%clk 01:16:29]} {[%emt 00:03:43]} 9. Bb3 {[%clk 01:02:06]} {[%emt 00:03:26]}
Qa3 {[%clk 01:16:02]} {[%emt 00:00:58]} 10. Ne5 {[%clk 00:56:26]} {[%emt
00:06:10]} e6 {[%clk 01:15:14]} {[%emt 00:01:19]} 11. Qe2 {[%clk 00:53:34]}
{[%emt 00:03:11]} Qd6 {[%clk 01:11:19]} {[%emt 00:04:36]} 12. Qe3 {[%clk
00:43:58]} {[%emt 00:10:05]} Nbd7 {[%clk 01:06:12]} {[%emt 00:05:39]} 13. g4
{[%clk 00:44:11]} {[%emt 00:00:17]} Bg6 {[%clk 01:05:37]} {[%emt 00:01:04]} 14.
Rb1 {[%clk 00:23:50]} {[%emt 00:20:53]} Qc7 {[%clk 00:48:52]} {[%emt 00:17:15]}
15. Qe2 {[%clk 00:14:31]} {[%emt 00:09:48]} Nxe5 {[%clk 00:45:12]} {[%emt
00:04:10]} 16. dxe5 {[%clk 00:13:46]} {[%emt 00:01:15]} Nd7 {[%clk 00:45:06]}
{[%emt 00:00:36]} 17. Bf4 {[%clk 00:12:49]} {[%emt 00:01:27]} Bb4 {[%clk
00:44:12]} {[%emt 00:01:24]} 18. Bd2 {[%clk 00:10:28]} {[%emt 00:02:51]} Qxe5
{[%clk 00:43:34]} {[%emt 00:01:08]} 19. Qxe5 {[%clk 00:10:27]} {[%emt
00:00:32]} Nxe5 {[%clk 00:43:56]} {[%emt 00:00:08]} 20. Ke2 {[%clk 00:09:11]}
{[%emt 00:01:45]} Nd7 {[%clk 00:40:58]} {[%emt 00:03:27]} 21. Ba4 {[%clk
00:08:46]} {[%emt 00:00:56]} a5 {[%clk 00:38:46]} {[%emt 00:02:42]} 22. a3
{[%clk 00:08:47]} {[%emt 00:00:29]} b5 {[%clk 00:37:55]} {[%emt 00:01:21]} 23.
Bb3 {[%clk 00:06:21]} {[%emt 00:02:56]} Bxa3 {[%clk 00:37:59]} {[%emt
00:00:26]} 24. Rbg1 {[%clk 00:02:20]} {[%emt 00:04:32]} a4 {[%clk 00:37:48]}
{[%emt 00:00:41]} 25. Ba2 {[%clk 00:02:42]} {[%emt 00:00:07]} Bxc2 {[%clk
00:38:09]} {[%emt 00:00:08]} 26. Bb1 {[%clk 00:01:23]} {[%emt 00:01:50]} Bxb1
{[%clk 00:38:30]} {[%emt 00:00:09]} 27. Nxb1 {[%clk 00:01:38]} {[%emt
00:00:15]} Bd6 {[%clk 00:38:45]} {[%emt 00:00:15]} 28. Nc3 {[%clk 00:01:15]}
{[%emt 00:00:54]} Ke7 {[%clk 00:38:22]} {[%emt 00:00:51]} 29. Rb1 {[%clk
00:01:28]} {[%emt 00:00:18]} b4 {[%clk 00:38:13]} {[%emt 00:00:40]} 30. Ne4
{[%clk 00:01:49]} {[%emt 00:00:08]} c5 {[%clk 00:38:06]} {[%emt 00:00:37]} 31.
Ra1 {[%clk 00:01:37]} {[%emt 00:00:42]} Rhc8 {[%clk 00:37:41]} {[%emt
00:00:54]} 32. Rab1 {[%clk 00:01:18]} {[%emt 00:00:50]} b3 {[%clk 00:37:52]}
{[%emt 00:00:19]} 33. Nc3 {[%clk 00:01:37]} {[%emt 00:00:12]} c4 {[%clk
00:37:39]} {[%emt 00:00:42]} 34. Ne4 {[%clk 00:00:37]} {[%emt 00:01:30]} a3
{[%clk 00:37:42]} {[%emt 00:00:28]} 35. Bc3 {[%clk 00:00:33]} {[%emt 00:00:34]}
Be5 {[%clk 00:37:17]} {[%emt 00:00:54]} 36. Bd2 {[%clk 00:00:31]} {[%emt
00:00:32]} a2 {[%clk 00:37:27]} {[%emt 00:00:20]} 37. Bb4+ {[%clk 00:00:31]}
{[%emt 00:00:31]} Ke8 {[%clk 00:37:15]} {[%emt 00:00:41]} 38. Rbd1 {[%clk
00:00:45]} {[%emt 00:00:16]} Rcb8 {[%clk 00:37:12]} {[%emt 00:00:34]} 39. Nd2
{[%clk 00:00:32]} {[%emt 00:00:43]} Rxb4 {[%clk 00:37:29]} {[%emt 00:00:12]}
0-1

[Event "DVM U16w 2024"]
[Site "Neumünster GER"]
[Date "2024.12.30"]
[Round "7"]
[White "Schmidt, Neele"]
[Black "Peglau, Lorena"]
[Result "0-1"]
[Termination "normal"]
[Board "7.3"]
[WhiteElo "927"]
[BlackElo "1508"]
[WhiteClock "00:58:57"]
[BlackClock "01:08:32"]
[WhiteTeam "SV Stuttgart-Wolfbusch 1956"]
[BlackTeam "SG Leipzig"]
[PlyCount "120"]
[BlackFideId "16290542"]
[EventCountry "GER"]
[EventRounds "7"]
[EventType "team-swiss"]
[EventDate "2024.12.26"]

1. e4 {[%clk 01:30:57]} {[%emt 00:00:01]} e6 {[%clk 01:30:55]} {[%emt
00:00:06]} 2. Nf3 {[%clk 01:31:20]} {[%emt 00:00:08]} d5 {[%clk 01:31:20]}
{[%emt 00:00:04]} 3. exd5 {[%clk 01:31:02]} {[%emt 00:00:48]} exd5 {[%clk
01:31:44]} {[%emt 00:00:07]} 4. Be2 {[%clk 01:30:18]} {[%emt 00:01:12]} Nf6
{[%clk 01:32:00]} {[%emt 00:00:15]} 5. d3 {[%clk 01:30:18]} {[%emt 00:00:31]}
Bd6 {[%clk 01:31:50]} {[%emt 00:00:40]} 6. O-O {[%clk 01:29:44]} {[%emt
00:01:03]} O-O {[%clk 01:32:12]} {[%emt 00:00:08]} 7. c3 {[%clk 01:30:04]}
{[%emt 00:00:10]} c6 {[%clk 01:32:12]} {[%emt 00:00:31]} 8. Nbd2 {[%clk
01:29:57]} {[%emt 00:00:37]} Bf5 {[%clk 01:32:00]} {[%emt 00:00:43]} 9. Qb3
{[%clk 01:29:09]} {[%emt 00:01:18]} Qc7 {[%clk 01:32:15]} {[%emt 00:00:15]} 10.
h3 {[%clk 01:28:04]} {[%emt 00:01:34]} Re8 {[%clk 01:32:37]} {[%emt 00:00:10]}
11. Re1 {[%clk 01:28:16]} {[%emt 00:00:17]} Nbd7 {[%clk 01:32:40]} {[%emt
00:00:28]} 12. Qc2 {[%clk 01:25:48]} {[%emt 00:02:57]} Re7 {[%clk 01:31:57]}
{[%emt 00:01:14]} 13. b3 {[%clk 01:23:06]} {[%emt 00:03:11]} Rae8 {[%clk
01:32:14]} {[%emt 00:00:13]} 14. Kf1 {[%clk 01:21:54]} {[%emt 00:01:41]} Qb6
{[%clk 01:29:04]} {[%emt 00:03:41]} 15. b4 {[%clk 01:17:03]} {[%emt 00:05:22]}
Qa6 {[%clk 01:20:57]} {[%emt 00:08:37]} 16. Bb2 {[%clk 01:15:48]} {[%emt
00:01:46]} h6 {[%clk 01:17:37]} {[%emt 00:03:49]} 17. Qb1 {[%emt 00:03:23]} Qb6
{[%clk 01:15:14]} {[%emt 00:02:50]} 18. a4 {[%clk 01:12:14]} {[%emt 00:01:14]}
a5 {[%clk 01:14:08]} {[%emt 00:01:37]} 19. Ba3 {[%clk 01:11:57]} {[%emt
00:00:46]} axb4 {[%clk 01:14:05]} {[%emt 00:00:33]} 20. cxb4 {[%clk 01:12:08]}
{[%emt 00:00:19]} Bg6 {[%clk 01:05:02]} {[%emt 00:09:33]} 21. a5 {[%clk
01:10:37]} {[%emt 00:02:00]} Qb5 {[%clk 01:03:57]} {[%emt 00:01:36]} 22. d4
{[%clk 01:08:53]} {[%emt 00:02:12]} Qxe2+ {[%clk 01:04:11]} {[%emt 00:00:18]}
23. Rxe2 {[%clk 01:09:02]} {[%emt 00:00:20]} Bxb1 {[%clk 01:04:36]} {[%emt
00:00:06]} 24. Rxe7 {[%clk 01:08:37]} {[%emt 00:00:55]} Bd3+ {[%clk 01:04:54]}
{[%emt 00:00:11]} 25. Ke1 {[%clk 01:08:31]} {[%emt 00:00:37]} Rxe7+ {[%clk
01:05:17]} {[%emt 00:00:07]} 26. Kd1 {[%clk 01:07:59]} {[%emt 00:01:01]} Be2+
{[%clk 01:05:19]} {[%emt 00:00:28]} 27. Kc1 {[%clk 01:08:07]} {[%emt 00:00:22]}
Ne4 {[%clk 01:04:29]} {[%emt 00:01:22]} 28. Nxe4 {[%clk 01:07:47]} {[%emt
00:00:47]} Rxe4 {[%clk 01:04:48]} {[%emt 00:00:12]} 29. Nd2 {[%clk 01:07:48]}
{[%emt 00:00:29]} Rxd4 {[%clk 01:04:56]} {[%emt 00:00:23]} 30. Ra2 {[%clk
01:07:23]} {[%emt 00:00:55]} Bxb4 {[%clk 01:03:50]} {[%emt 00:01:36]} 31. Bxb4
{[%clk 01:06:50]} {[%emt 00:00:42]} Rxb4 {[%clk 01:04:14]} {[%emt 00:00:27]}
32. Nb1 {[%clk 01:06:23]} {[%emt 00:00:56]} Rc4+ {[%clk 01:03:14]} {[%emt
00:01:31]} 33. Kd2 {[%clk 01:06:14]} {[%emt 00:00:36]} Bf1 {[%clk 01:03:17]}
{[%emt 00:00:30]} 34. Na3 {[%clk 01:04:48]} {[%emt 00:01:56]} Ra4 {[%clk
01:03:12]} {[%emt 00:00:35]} 35. Kc3 {[%clk 01:03:59]} {[%emt 00:01:18]} Bxg2
{[%clk 01:03:08]} {[%emt 00:00:36]} 36. Kb3 {[%clk 01:04:18]} {[%emt 00:00:11]}
Rxa5 {[%clk 01:03:29]} {[%emt 00:00:10]} 37. f4 {[%clk 01:04:11]} {[%emt
00:00:33]} Bxh3 {[%clk 01:03:37]} {[%emt 00:00:24]} 38. Rh2 {[%clk 01:04:09]}
{[%emt 00:00:29]} Bf5 {[%clk 01:03:40]} {[%emt 00:00:30]} 39. Rh5 {[%clk
01:04:16]} {[%emt 00:00:22]} Be4 {[%clk 01:03:59]} {[%emt 00:00:12]} 40. Kb4
{[%clk 01:04:10]} {[%emt 00:00:35]} Ra8 {[%clk 01:04:11]} {[%emt 00:00:18]} 41.
Nb1 {[%clk 01:02:42]} {[%emt 00:01:59]} Bxb1 {[%clk 01:04:30]} {[%emt
00:00:11]} 42. Rh1 {[%clk 01:02:22]} {[%emt 00:00:47]} Be4 {[%clk 01:04:46]}
{[%emt 00:00:17]} 43. Rf1 {[%clk 01:00:23]} {[%emt 00:02:27]} c5+ {[%clk
01:04:06]} {[%emt 00:01:12]} 44. Kc3 {[%clk 00:59:36]} {[%emt 00:01:15]} b5
{[%clk 01:04:21]} {[%emt 00:00:16]} 45. Rc1 {[%clk 00:58:13]} {[%emt 00:01:39]}
Ra4 {[%clk 01:04:27]} {[%emt 00:00:38]} 46. Kb3 {[%clk 00:57:32]} {[%emt
00:01:11]} Rc4 {[%clk 01:04:35]} {[%emt 00:00:22]} 47. Rxc4 {[%clk 00:57:32]}
{[%emt 00:00:30]} bxc4+ {[%clk 01:04:49]} {[%emt 00:00:16]} 48. Kc3 {[%clk
00:57:34]} {[%emt 00:00:27]} Kf8 {[%clk 01:05:07]} {[%emt 00:00:14]} 49. Kd2
{[%clk 00:56:48]} {[%emt 00:01:15]} d4 {[%clk 01:05:29]} {[%emt 00:00:07]} 50.
Ke2 {[%clk 00:57:07]} {[%emt 00:00:12]} c3 {[%clk 01:05:43]} {[%emt 00:00:15]}
51. Kd1 {[%clk 00:57:25]} {[%emt 00:00:12]} d3 {[%clk 01:06:05]} {[%emt
00:00:09]} 52. Kc1 {[%clk 00:57:38]} {[%emt 00:00:17]} d2+ {[%clk 01:06:26]}
{[%emt 00:00:10]} 53. Kd1 {[%clk 00:57:45]} {[%emt 00:00:23]} Bf3+ {[%clk
01:06:48]} {[%emt 00:00:08]} 54. Kc2 {[%clk 00:57:57]} {[%emt 00:00:17]} d1=Q+
{[%clk 01:07:09]} {[%emt 00:00:09]} 55. Kxc3 {[%clk 00:58:05]} {[%emt
00:00:22]} Qd4+ {[%clk 01:07:26]} {[%emt 00:00:11]} 56. Kc2 {[%clk 00:58:21]}
{[%emt 00:00:16]} Nb6 {[%clk 01:07:40]} {[%emt 00:00:16]} 57. Kc1 {[%clk
00:58:34]} {[%emt 00:00:17]} Nc4 {[%clk 01:07:39]} {[%emt 00:00:31]} 58. Kc2
{[%clk 00:58:37]} {[%emt 00:00:27]} Bd1+ {[%clk 01:07:49]} {[%emt 00:00:20]}
59. Kc1 {[%clk 00:58:53]} {[%emt 00:00:14]} Qd2+ {[%clk 01:08:09]} {[%emt
00:00:10]} 60. Kb1 {[%clk 00:58:57]} {[%emt 00:00:26]} Qb2# {[%clk 01:08:32]}
{[%emt 00:00:07]} 0-1